| 000 | 01686nam0a2200301 4500 | ||
|---|---|---|---|
| 001 | RU\NLR\bibl\318205 | ||
| 005 | 20260406045606.0 | ||
| 010 |
_a5-86225-900-7 _930000 |
||
| 035 | _a(NLR Aleph) 000313275 | ||
| 090 |
_a51027 _c51027 |
||
| 100 | _a20021011d2001 |||y0rusy50 ca | ||
| 101 | 0 | _arus | |
| 102 | _aRU | ||
| 105 | _ay ||||||||| | ||
| 200 | 1 |
_aПостатейный комментарий к части первой Гражданского кодекса Российской Федерации _fА.Н. Гуев |
|
| 205 | _a2-е изд., доп. и перераб. | ||
| 210 |
_aМ. _cИНФРА-М _d2001 |
||
| 215 |
_aX,773 с. _d22 |
||
| 604 |
_171001$aРоссийская Федерация _150011$aГражданский кодекс$jКомментарии$2nlr_sh2$6z00$3RU\NLR\AUTH\661284044 _aРоссийская Федерация _tГражданский кодекс _jКомментарии _92127648 _3RU\NLR\AUTH\661284044 |
||
| 604 |
_171001$aРоссийская Федерация. Законы _150011$aГражданский кодекс Российской Федерации. Ч. 1$2psbo _aРоссийская Федерация. Законы _tГражданский кодекс Российской Федерации. Ч. 1 |
||
| 606 | 0 |
_aГражданский кодекс _jКомментарии _yРоссийская Федерация _91557207 _3RU\NLR\auth\66981293 |
|
| 686 | _aХ623-324.9(2Р) | ||
| 700 | 1 |
_4070 _8rus _7ca _aГуев _bА. Н. _gАлексей Николаевич _3RU\NLR\auth\775250 _9115216 |
|
| 801 | 0 |
_aRU _bNLR _c20021011 _gPSBO |
|
| 801 | 1 |
_aRU _bNLR _c20021011 |
|
| 942 | _cBOOK | ||
| 980 | _aNB | ||